Les films ayant reçu un Gérard - Statistiques

Statistiques générales
  • Ce quiz a été pris 11 fois
  • Le résultat moyen est 5 sur 48
Statistiques - réponses
Indices Année Réalisateur Film % Correct
Gérard du film avec des malades, des handicapés, des béquilles, des brancards, des fauteuils roulants... 2012 O. Nakache / E. Toledano Intouchables
67%
Plus mauvais film 2006 P. Braoudé Iznogoud
56%
Plus mauvais film avec Jacques Villeret 2006 P. Braoudé Iznogoud
56%
Gérard du mauvais timing 2008 G. Krawczyk Taxi 4
44%
Plus mauvais scénario 2006 L. Besson Angel-A
22%
Gérard du plus mauvais film de l'histoire du cinéma en 2007 2008 Th. Langmann / F. Forestier Astérix aux Jeux olympiques
22%
Gérard du plus mauvais film 2010 Y. Moix Cinéman
22%
Gérard du film pas nul, mais pas bien 2010 J. Sfarr Gainsbourg, vie héroïque
22%
Gérard du film pour lequel avant d'y aller t'avais un doute et après, une certitude 2009 F. Veber L'Emmerdeur
22%
Plus mauvais film 2007 P. Leconte Les Bronzés 3 : Amis pour la vie
22%
Gérard du film qui parle d'une meuf qui fait moyennement envie, et du coup le film bah c'est pareil 2010 S. Brizé Mademoiselle Chambon
22%
Gérard du film tellement riche en sucre, en miel et en guimauve... 2012 K. Merad Monsieur Papa
22%
Plus mauvais film avec Clovis Cornillac 2007 E. Lavaine Poltergay
22%
Girard di film halal 2012 D. Bensalah Beur sur la ville
11%
Gérard du plus mauvais film 2009 D. Charhon Cyprien
11%
Plus mauvais scénario philatélique (qui tient sur un timbre-poste) 2007 R. Shart Incontrôlable
11%
Gérard du film qui voulait sortir en douce pendant l'été mais heureusement, on a l'œil. 2009 A. Fontaine La fille de Monaco
11%
Gérard du film 2012 Ch. Barratier La Nouvelle guerre des boutons
11%
Gérard du film guimauve que tu te forces à aller voir uniquement pour emballer une meuf 2011 P. Chaumeil L'Arnacoeur
11%
Gérard du plus mauvais film de l’année (et probablement de la décennie) 2011 R. Berry L'Immortel
11%
Gérard du film où on sait pas si on s’en va, si on revient, ou alors quoi ? 2008 R. Wargnier Pars vite et reviens tard
11%
Gérard du film que tu vois parce qu’il te fait espérer des lolitas... 2012 D. et M. Coulin 17 Filles
0%
Gérard du film que quand tu vas le voir, dans la salle, t'as l'impression d'être dans un wagon du RER D un samedi soir à Villiers-le-Bel 2010 P. Alessandrin Banlieue 13
0%
Gérard du film avec des petits chiens ou des grosses chiennes 2010 A. Fontaine Coco avant Chanel
0%
Plus mauvais film étranger 2006 M. Waters Et si c'était vrai...
0%
Plus mauvais film à sortir en 2007 dont on suppose ou souhaite qu’il ne « rencontrera pas son public » 2007 G. Paquet-Brenner / C. Sebas Gomez vs Tavarès
0%
Jérar du film tro golri :))) 2012 F. Berthe / P. Seriels Hollywoo
0%
Gérard du film où on t'explique que le racisme, c’est pas bien 2011 R. Bouchareb Hors-la-loi
0%
Plus mauvais film avec Jean Dujardin 2006 E. Civanyan Il ne faut jurer de rien
0%
Gérard du film français sorti avec un titre en anglais parce qu’on sait jamais, sur un malentendu, on peut croire qu’il est américain 2011 O. Barco Kill me please
0%
Gérard du film que tu vas voir alors que ta meuf t’a largué... 2011 C. de Gaspéris L'Absence
0%
Gérard du film 2012 Y. Samuell La guerre des boutons
0%
Gérard du film de partouzeur 2011 Y. Dahan / Benjamin Rocher La Horde
0%
Gérard du film où on t'explique que le racisme, c’est pas bien 2011 R. Bosch La Rafle
0%
Gérard de la grosse comédie qui tache 2010 C. Sebas Le Baltringue
0%
Plus mauvais film dont personne n’a entendu parler 2007 G. Nicloux Le concile de pierre
0%
Pire massacre d'une œuvre originale 2007 J-D Verhaeghe Le Grand Meaulnes
0%
Gérard du film en costumes qui s'est pris une veste 2012 D. Moll Le Moine
0%
Gérard du titre 2009 Ph. Harel Les Randonneurs à Saint-Tropez
0%
Plus mauvaise production, plus mauvaise réalisation ou plus mauvais scénario de Luc Besson 2006 L. Besson Le Transporteur 2
0%
Gérard du film qui ne sait pas, qui ne sait plus… 2012 S. Papagalli Mais y va où le monde ?
0%
Gérard du titre gay 2010 M. de Van Ne te retourne pas
0%
Gérard du film qui ose enfin dire la vérité sur les femmes 2011 J. Labrune Sans queue ni tête
0%
Gérard du film qui a un nom de vieille 2009 M. Provost Séraphine
0%
Gérard du film qui n'existe pas. Encore 2012 M. Kassovitz Tous coupables
0%
Gérard du « on n’est jamais mieux servi que par soi-même » 2011 J. Godrèche Toutes les filles pleurent
0%
Gérard du film dont on a appris l'existence en préparant les catégories des Gérard 2008 E. Cuau Très bien, merci
0%
Gérard du film vraisemblablement adapté d'un article de Marie Claire 2010 I. Calbérac Une semaine sur deux (et la moitié des vacances scolaires)
0%
Aucun quiz correspondant
Distribution des résultats
% des personnes avec chaque résultat
Percentile par nombre de réponses
Votre historique - résultats
Vous n’avez pas pris ce quiz